000 00826nam a22002057a 4500
005 20180103113005.0
010 _aB-685701
020 _a9789352135219
_c1475.00
035 _aB-685701
037 _bPansy Books/RP/CL
082 _a006.31
100 _aGéron, Aurélien
245 _aHands-on machine learning with Scikit-Learn and TensorFlow :
_bconcepts, tools, and techniques to build intelligent systems /
_cby Aurélien Géron
260 _aNavi Mumbai
_bShroff Publishers & Distributors
_c2017(repr.)
270 _aC-103, TTC Industrial Area, MIDC, Pawane
_bNavi Mumbai
_e400703
300 _axx,545p. :
_bill.
_c25cm(pbk)
500 _aIncludes index
942 _2ddc
_cEN
_h006.31
_mGER
999 _c148678
_d148678